Guia del Museu Arqueològic de Barcelona / Eduard Ripoll i Perelló ... [et al.]
ISBN:
84-500-4973-3
Descripción Física:
207 p. : il., negre i col. ; 20 cm
Colección:
Guies ; 3
Otros Autores:
Ripoll i Perelló, Eduard, 1923-2006
MARC
| LEADER | 00000nam a2200000Ia 4500 | ||
|---|---|---|---|
| 001 | 11038 | ||
| 008 | 160829s1981 xx 000 0 cat d | ||
| 020 | |a 84-500-4973-3 | ||
| 080 | |a H-1-185 | ||
| 245 | |a Guia del Museu Arqueològic de Barcelona / Eduard Ripoll i Perelló ... [et al.] | ||
| 260 | |a Barcelona : |b Diputació de Barcelona, Institut de Prehistòria i Arqueologia, |c 1981 | ||
| 300 | |a 207 p. : |b il., negre i col. ; |c 20 cm | ||
| 490 | |a Guies ; 3 | ||
| 590 | |a Un altre exemplar en castellà: H-1-186 | ||
| 610 | 2 | 0 | |a Museu Arqueològic de Barcelona |v Guies |9 55273 |
| 650 | |a Museus |x Catalunya |x Guies |9 49099 | ||
| 700 | 1 | |a Ripoll i Perelló, Eduard, |d 1923-2006 |9 20913 | |
| 710 | 2 | |a Institut de Prehistòria i Arqueologia (Barcelona, Catalunya) |9 52785 | |
| 901 | |a Arxiu | ||
| 942 | |n 1 | ||
| 952 | |0 0 |1 0 |4 0 |6 H1185 |7 1 |9 44813 |a Arxiu |b Arxiu |d 2016-12-01 |l 0 |o H-1-185 |p 11038 |r 2016-12-01 00:00:00 |w 2016-12-01 |y ARXIU | ||
| 999 | |c 47411 |d 47411 | ||